History Quiz

Random History or Nintendo Quiz

WWII British warships Quiz Stats

 Plays Quiz not verified by Sporcle

Support Sporcle.
Go Orange.
Score 0/10 Timer 05:00
0 Plays Today
Namesake Ship % Correct
Title held by the Monarch's sonPrince of Wales
87.2%
A city in Northern IslandBelfast
75.3%
A King of BritainKing George V
71.4%
A famous Queen of England which defended her countryQueen Elizabeth
66.6%
A British AdmiralHood
66.1%
A bird of preyEagle
65.2%
Title held by PrincesDuke of York
37.5%
A Greek godHermes
34.1%
Another word for fameRenown
27%
A Greek princessElectra
5.5%

You're not logged in!

Compare scores with friends on all Sporcle quizzes.
OR
Log In

From the Vault

Criteria US Presidents II

by biggs364

What criteria do you have to meet in order to get your face carved into a mountain?
Remove Ads.
Support Sporcle.
Get the best of Sporcle when you Go Orange. This ad-free experience offers more features, more stats, and more fun while also helping to support Sporcle. Thank you for becoming a member.

Show Comments

Extras

Top Quizzes Today


Score Distribution

Your Account Isn't Verified!

In order to create a playlist on Sporcle, you need to verify the email address you used during registration. Go to your Sporcle Settings to finish the process.

Report this User

Report this user for behavior that violates our Community Guidelines.

Details: